| 000 | 00582cam a2200217ua 4500 | ||
|---|---|---|---|
| 020 | _c25.00 | ||
| 041 |
_aeng _h |
||
| 082 |
_a332.1 _bBEC/BA |
||
| 100 | _aBeckhart, Benjamin haggott . | ||
| 245 |
_aBanking systems of great britain, France , Germany, & United state of america / _cMackenzie. _hTextual Documents |
||
| 250 |
_a1 / _b. |
||
| 260 |
_aMumbai : _bTimes of India press , _c1964. |
||
| 300 | _a1009 ; . | ||
| 365 | _a25.00 | ||
| 500 | _a**Reference | ||
| 504 | _a | ||
| 942 | _cBK | ||
| 999 |
_c2127 _d2127 |
||